000 00557nam a2200181Ia 4500
008 100920s9999 xx 000 0 und d
082 _b107450
_a28 व 491 न 07
100 _aतावडे सुर्यकांत.
245 _aतिरंगा.
260 _bअंजनी प्रकाशन, पुणे.
_c2007
300 _a63
_bसाधी
365 _b30
520 _aबा.वि.नाटक.
630 _aतिरंगा.
650 _aबा.वि.नाटक.
730 _aतिरंगा.
942 _cBOOK
999 _c747874
_d747871